000 01089cam a22002774a 4500
005 20160204173531.0
008 010201s2001 njua b 001 0 eng
020 _a0691006520 (alk. paper)
020 _a0691006539 (pbk. : alk. paper)
040 _aDLC
_cDLC
_dDLC
_dCO-BoIAVH
041 _aeng
042 _apcc
082 0 0 _a591.5
_bM68m
245 0 0 _aModel systems in behavioral ecology :
_bintegrating conceptual, theoretical, and empirical approaches /
_cedited by Lee Alan Dugatkin.
260 _aPrinceton, N.J. :
_bPrinceton University Press,
_cc2001.
300 _axxii, 551 p. :
_bill. ;
_c24 cm.
504 _aIncludes bibliographical references and index.
650 0 _aAnimal behavior.
_956913
650 0 _aConducta animal.
_956914
650 0 _aAnimal ecology.
_933421
650 0 _aecologĂ­a animal.
_956915
700 1 _aDugatkin, Lee Alan,
_d1962-
_956916
856 4 1 _3Table of contents
_uhttp://www.loc.gov/catdir/toc/prin031/2001021990.html
856 4 2 _3Publisher description
_uhttp://www.loc.gov/catdir/description/prin022/2001021990.html
942 _2ddc
_cLIBRO
999 _c2750
_d2750